00299nam a2200121Ia 4500008004100000100001800041245004400059260003000103300000900133650001300142942000700155999001500162190216s9999||||xx |||||||||||||| ||und|| aJoan Robinson 0aEssays In The Theory Of Economic Growth bMacmillan India Ltdc1968 a137p aCommerce cBK c3925d3925